| 000 | 00429nam a2200097Ia 4500 | ||
|---|---|---|---|
| 008 | 220216s9999 xx 000 0 und d | ||
| 100 | _aRao G.P. | ||
| 245 | 0 | _aEarly yield and growth performance in a set of Brazilian wild Hevea germplasm in India | |
| 260 |
_bProceedings of the National Symposium on Recent Global Developments in the Management of Plant Genetic Resources, 17-18 December 2009, NBPGR, New Delhi _c2009 |
||
| 942 | _cBS | ||
| 999 |
_c52286 _d52286 |
||